| 000 | 00663nam a2200253Ia 4500 | ||
|---|---|---|---|
| 008 | 210210b2011 xxu||||| |||| 00| 0 eng d | ||
| 020 | _a9780199547661 | ||
| 041 | _aeng | ||
| 082 | _a158.4 BOLE | ||
| 100 | _aBOLDEN (Richard) | ||
| 245 | _aExploring leadership: individual organizational and societal perspectives | ||
| 260 |
_aNew York _bOxford University Press _c2011 |
||
| 300 | _axiii, 214 | ||
| 650 | _asocietal | ||
| 650 | _aperspectives | ||
| 650 | _aorganizational | ||
| 650 | _aleadership: | ||
| 650 | _aindividual | ||
| 650 | _aExploring | ||
| 650 | _aand | ||
| 690 | _aLeadership | ||
| 700 | _aHAWKINS (Beverley) | ||
| 906 | _a068062 | ||
| 999 |
_c152402 _d152402 |
||